Les villes les plus peuplées de Mayenne - Statistiques

Statistiques générales
  • Ce quiz a été pris 255 fois
  • Le résultat moyen est 10 sur 20
Statistiques - réponses
Population Ville % Correct
50 956 Laval
100%
13 710 Mayenne
97%
11 128 Château-Gontier
88%
7 285 Évron
70%
5 700 Ernée
69%
4 912 Changé
67%
6 851 Saint-Berthevin
65%
4 661 Craon
61%
2 911 Louverné
44%
3 590 L'Huisserie
43%
2 616 Meslay-du-Maine
34%
2 893 Gorron
32%
4 792 Bonchamp-lès-Laval
30%
2 713 Cossé-le-Vivien
30%
2 325 Argentré
28%
2 532 Lassay-les-Châteaux
28%
2 998 Azé
27%
2 792 Renazé
26%
2 902 Ambrières-les-Vallées
19%
3 180 Villaines-la-Juhel
19%
Aucun quiz correspondant
Distribution des résultats
% des personnes avec chaque résultat
Percentile par nombre de réponses
Votre historique - résultats
Vous n’avez pas pris ce quiz